| 000 | 01172nkm a2200313 c 4500 | ||
|---|---|---|---|
| 999 |
_c211075 _d211075 |
||
| 003 | BLK | ||
| 005 | 20210216162338.0 | ||
| 008 | 180412b bul rap|r|||| r0| ||bulo| | ||
| 010 | _aKNG00175884000 | ||
| 040 | _aBLK | ||
| 041 |
_aRUS _cRUS |
||
| 080 |
_aВодни бои. Акварелни бои _b75.023.22 _x(47+57) _z75.023.22(47+57) |
||
| 100 | 1 |
_aМатафонов, Вадим Степанович _eпърви автор _994049 |
|
| 139 |
_aМатафонов, Вадим Степанович _bМ 38 |
||
| 245 | 1 | 0 |
_aРисунок акварель _bВторая всероссийская выставка _cВадим Степанович Матафонов. |
| 257 | _aSUN | ||
| 260 |
_bХудожник РСФСР _c1981 _aЛенинград |
||
| 300 |
_a156 с. _bс ил. _c31 см |
||
| 380 | _a7 | ||
| 500 | _aСписък на ил. - 5 000 тир. | ||
| 650 | 4 |
_aАкварел - албуми _9281232 |
|
| 651 | 4 |
_aСССР _9179592 |
|
| 653 | _aакварели | ||
| 852 |
_aЦб ІІ 28773 _bО |
||
| 856 | 4 |
_qpdf _u |
|
| 856 | 4 |
_qpdf _u |
|
| 942 |
_cGRA _n0 _s1 |
||
| 944 |
_aCR _c27.05.2015 _kКамелия_Данева |
||
| 944 |
_aED _c09.06.2015 _kКамелия_Данева |
||
| 999 | _d211075 | ||